| 000 | 00542nam a22001577a 4500 | ||
|---|---|---|---|
| 003 | NUST | ||
| 005 | 20220818141748.0 | ||
| 008 | 220818b ||||| |||| 00| 0 eng d | ||
| 038 | _aAzhar | ||
| 082 |
_a658.3008 _bWIL |
||
| 100 |
_aBärí A Williams; Lisa Renee Pitts _998058 |
||
| 245 |
_aDiversity in the workplace : eye-opening interviews to jumpstart conversations about identity, privilege, and bias _cBärí A Williams; Lisa Renee Pitts |
||
| 260 |
_aOld Saybrook, Connecticut _bTantor Media _c2021 |
||
| 300 | _a107p | ||
| 942 |
_2ddc _cLC |
||
| 999 |
_c591219 _d591219 |
||